Debating public health glimpses of and argumentative assembly: A report of the Chandrakant Patil memorial eastern India regional health assembly (Record no. 1399535)

MARC details
000 -LEADER
fixed length control field 00617nam a2200181Ia 4500
005 - DATE AND TIME OF LATEST TRANSACTION
control field 20250508170147.0
008 - FIXED-LENGTH DATA ELEMENTS--GENERAL INFORMATION
fixed length control field 008 250505s9999 xx 000 0 eng d
037 ## - SOURCE OF ACQUISITION
Stock number Textual
040 ## - CATALOGING SOURCE
Original cataloging agency FEDL
Language of cataloging eng
Transcribing agency FEDL
041 ## - LANGUAGE CODE
Language code of text/sound track or separate title eng
Source of code eng
084 ## - COLON CLASSIFICATION NUMBER
Classification number 613, DEB
Assigning agency FEDL
245 #0 - TITLE STATEMENT
Title Debating public health glimpses of and argumentative assembly: A report of the Chandrakant Patil memorial eastern India regional health assembly
260 ## - PUBLICATION, DISTRIBUTION, ETC.
Place of publication, distribution, etc. Kolkata, India
Name of publisher, distributor, etc. Pratichi Institute
Date of publication, distribution, etc. 2011
300 ## - PHYSICAL DESCRIPTION
Extent 106p.
546 ## - LANGUAGE NOTE
Language note Gifted by Prof. Poonam Batra1
942 ## - ADDED ENTRY ELEMENTS (KOHA)
Koha item type Textual
Classification part 613, DEB
Holdings
Withdrawn status Lost status Damaged status Not for loan Home library Current library Date acquired Total Checkouts Full call number Barcode Date last seen Price effective from Koha item type
        Department of Education Library Department of Education Library 2025-05-08   613, DEB EL0093536 2025-05-08 2025-05-08 Textual
Copyright @ Delhi University Library System